Movies Quiz

Random Movies or Actress Quiz

2014 Box Office Movie Casts Quiz Stats

 Plays Quiz Updated Nov 3, 2015

Also try: Movie Cast Match
Challenge
Share
Tweet
Embed
Score 0/50 Timer 05:00
2 Plays Today
Title Actor % Correct
X-Men: Days of Future PastJackman, Lawrence, Fassbender...
94.8%
Guardians of the GalaxyPratt, Saldana, B. Cooper...
93.4%
The Hunger Games: Mockingjay - Part 1Lawrence, L. Hemsworth, Moore...
92.8%
The Amazing Spider-Man 2Garfield, Stone, Foxx...
90.4%
MaleficentJolie, Fanning, Copley...
89.9%
The Hobbit: The Battle of the Five ArmiesMa. Freeman, Armitage, L. Evans...
88.5%
Night at the Museum: Secret of the TombStiller, Williams, O. Wilson...
87.2%
InterstellarMcConaughey, Hathaway, Chastain...
86.7%
The Grand Budapest HotelFiennes, Brody, Norton...
85.8%
Captain America: The Winter SoldierC. Evans, Johansson, Redford...
85.7%
22 Jump StreetTatum, Hill, Ice Cube...
84.4%
American SniperB. Cooper, Miller
83.2%
Need for SpeedPaul, D. Cooper, Poots...
82.1%
Dracula UntoldL. Evans, Gadon, D. Cooper...
82%
Gone GirlAffleck, Pike, Perry...
79.8%
LucyJohansson, Mo. Freeman
77.9%
Dumb and Dumber ToCarrey, Daniels, Holden...
77.3%
Edge of TomorrowCruise, Blunt, Paxton...
76.3%
The Expendables 3Stallone, Statham, Gibson...
76%
The Monuments MenClooney, Damon, Murray...
75.8%
The Other WomanDiaz, Mann, Upton...
75.8%
Into the WoodsStreep, Kendrick, Blunt...
75.1%
AnnieQ. Wallis, Foxx, Byrne...
74.9%
NeighborsRogen, Efron, Byrne...
74.8%
NoahCrowe, Connelly, Hopkins...
74.5%
Title Actor % Correct
Teenage Mutant Ninja TurtlesFox, Arnett, Fichtner...
74.4%
Transformers: Age of ExtinctionWahlberg, Peltz, Reynor...
69.2%
FuryPitt, LaBeouf, Lerman...
68.5%
HerculesJohnson, McShane, Hurt...
67%
Sex TapeDiaz, Segel, Lowe...
66.3%
GodzillaTaylor-Johnson, Olsen, Cranston...
62.9%
The Imitation GameCumberbatch, Knightley, Goode...
62.4%
DivergentWoodley, James, Winslet...
57.5%
The Theory of EverythingRedmayne, Jones, Prior...
54.4%
Let's Be CopsJohnson, Wayans, Garcia
51.6%
Jack Ryan: Shadow RecruitPine, Knightley, Costner...
51%
Ride AlongIce Cube, Hart, Leguizamo
50.1%
RoboCopKinnaman, Oldman, Keaton...
49.8%
The Fault in Our StarsWoodley, Elgort, Dern...
49.4%
Exodus: Gods and KingsBale, Edgerton, Weaver...
49.2%
BlendedSandler, Barrymore, Thorne...
43.6%
Dawn of the Planet of the ApesSerkis, Clarke, Oldman...
43.4%
The EqualizerWashington, Csokas, Moretz...
42.8%
Non-StopNeeson, Moore, McNairy...
40.5%
300: Rise of an EmpireStapleton, Green, Headey...
29%
PompeiiHarington, Moss, Browning...
21.7%
The Maze RunnerO'Brien, Scodelario, Poulter...
21.5%
UnbrokenO'Connell, Gleeson, Hedlund...
13.8%
Into the StormArmitage, Callies, Walsh...
10%
AnnabelleA. Wallis, Horton, Amendola...
9.9%

You're not logged in!

Compare scores with friends on all Sporcle quizzes.
Join for Free
OR
Log In

You Might Also Like...

Show Comments

Extras

Top Quizzes Today


Score Distribution

Your Account Isn't Verified!

In order to create a playlist on Sporcle, you need to verify the email address you used during registration. Go to your Sporcle Settings to finish the process.

Report this User

Report this user for behavior that violates our Community Guidelines.

Details: